000 00631nam a2200229Ia 4500
003 OSt
005 20230605125314.0
008 210324s9999||||xx |||||||||||||| ||und||
040 _cSTCPL
041 _aENG
082 _a547.7
_bSEB-V V.2
245 4 _aThe vitamins :
_bChemistry, physiology, pathology, methods Vol.2 /
_cedited by W. H. Sebrell and Robert S. Harris
250 _a2nd ed.
260 _aLondon :
_bAcademic Press, Inc. ,
_c1968.
300 _a422 p.
_bHB
650 _aChemistry
650 _aVitamins
700 _aSebrell, W. H. (ed.)
700 _aHarris, Robert S. (ed.)
942 _cBK
942 _2ddc
999 _c15600
_d15600